| 000 | 00682nam a2200241 i 4500 | ||
|---|---|---|---|
| 001 | 63338 | ||
| 003 | ES-MaACL | ||
| 005 | 20230906164831.0 | ||
| 007 | t| | ||
| 008 | 031209s1980 sp d |||| |dspa d | ||
| 080 | _a1(038) | ||
| 100 | 1 |
_aFerrater Mora, José. _950338 |
|
| 245 | 1 | 0 |
_aDiccionario de filosofía / _cJosé Ferrater Mora. |
| 250 | _a2ª ed. en "Alianza Diccionarios". | ||
| 260 |
_aMadrid : _bAlianza Editorial, _c1980. |
||
| 300 |
_a4 v. ; _c24 cm. |
||
| 490 | 1 | _aAlianza diccionarios | |
| 500 | _aÍndices. | ||
| 650 | 0 | 4 |
_aFilosofía- _vDiccionarios. _912806 |
| 830 | 0 |
_aAlianza diccionarios _9177801 |
|
| 852 |
_aES-MaACL _jL-931-34 |
||
| 999 |
_c63338 _d63338 |
||